000
00215nam a2200109Ia 4500
100
_a
Bashir-Imran
_9
43
942
_c
BK
245
_a
Mastering Blockchain
260
_c
2020
082
_a
005.76
_b
BAS
300
_a
788
999
_c
35830
_d
35830